000 00463cam a2200145 4500500
005 20251012010832.0
041 _afre
042 _adc
100 1 0 _aDennehy, Myriam
_eauthor
245 0 0 _aQuand dire, c’est (presque) faire
260 _c2011.
500 _a31
786 0 _nPhilosophie magazine | 48 | 4 | 2011-04-01 | p. 22-23 | 1951-1787
856 4 1 _uhttps://shs.cairn.info/magazine-philosophie-magazine-2011-4-page-22?lang=fr&redirect-ssocas=7080
999 _c1520781
_d1520781